Responses for show #8110 - Friday, December 6, 2019

Jennifer Quail game 3.

Contestants

Katie Kunamneni, a physician from Holmdel, New Jersey

Randy Hassell Jr., a software engineer from Virginia Beach, Virginia

Jennifer Quail, a wine tasting consultant from Dowagiac, Michigan (whose 2-day cash winnings total $74,800)

Jeopardy! Round responses

MUGSHOTS
RETIRED NUMBERS IN SPORTS
CLOTHING
LAKES & RIVERS
ACCORDING TO BLACK'S LAW DICTIONARY
REMEMBER THE "L_M_O"
(Alex Each correct response will contain those three letters in that order.)
    $200 13
Butch Cassidy

Jennifer
    $200 23
the Yankees

Randy
    $200 8
tails

Jennifer
    $200 1
Siberia

Jennifer
    $200 6
a hung jury

Katie
    $200 22
the limbo

Randy
    $400 14
Lenin

Randy
    $400 28
Wayne Gretzky

Katie
    $400 9
a Peter Pan collar

Jennifer
    $400 2
the Rhône

Katie
    $400 18
assault

Katie
    $400 25
luminous

Jennifer
    $600 15
Mata Hari

Jennifer
    $3,000 29
(Katie: What is... 1?)
(Alex: No. It's [*]. The [*]th man. They refer to themselves as that.)

12

Katie
    $600 10
a little black dress

Katie
    $600 4
Lake Superior

Katie
    $600 19
recuse

Katie
    $600 26
limousines

Jennifer
    $800 16
(Charles) Ponzi

Jennifer
    $800 24
42

Katie
    $800 11
chaps

Jennifer
    $800 5
(Randy: What the Norwegian Sea?)

the Baltic

JenniferRandy
    $800 20
racketeering

Jennifer
    $800 27
locomoting

Jennifer
    $1000 17
Fatty Arbuckle

Jennifer
    $1000 30
(Mike) Ditka

Katie
    $1000 12
vestments

Jennifer
    $1000 3
the Finger Lakes

Randy
    $1000 21
duress

Jennifer
    $1000 7
a leitmotif

Jennifer

Scores at the first commercial break (after clue 15):

Jennifer Randy Katie
$5,200 $600 $1,800

Scores at the end of the Jeopardy! Round:

Jennifer Randy Katie
$10,600 $1,000 $2,000

Double Jeopardy! Round responses

BACK IN THE 20th CENTURY
ADJECTIVES
THE REST OF THE TITLE, PLEASE
WOMEN!
OLD BOOKS
IT'S NOT ROCKET SCIENCE
(Alex: And even though it starts with an "R" it's not rocket science. What is it?)
    $400 15
inflation

Jennifer
    $400 16
crude

Katie
    $400 8
(Katie: What is With a Vengeance?)

Die Harder

Katie
Triple Stumper
    $400 30
Mount Everest

Jennifer
    $400 2
(Jennifer: Who is King John?)

William the Conqueror

Jennifer
Triple Stumper
    $400 26
racket science

Jennifer
    $2,000 6
KGB

Randy
    $800 17
tame

Jennifer
    $800 7
Judgment Day

Jennifer
    $800 24
the United States

Randy
    $800 3
Constantine

Randy
    $800 27
ratchet science

Katie
    $1200 5
(Katie: What is Venus?)
(Jennfier: What is Uranus?)
(Randy: What is Mercury?)
...
(Alex: Big [*]. Mostly liquid.)

Jupiter

JenniferRandyKatie
Triple Stumper
    $1200 18
biodegradable

Jennifer
    $1200 1
(Randy: What is "The Return"?)

the Sequel

JenniferRandy
    $1200 23
(Jennifer: What is matriarchal?)

matrilineal

JenniferKatie
    $1200 4
Thomas Aquinas

Randy
    $1200 25
(Randy: What is osteoporosis?)
(Jennifer: What is ricketology?)
(Alex: No. Randy or Katie?)
...
(Alex: You get what the category is about now? If you start at the top, you'll know immediately what the category's about.)

ricket science

JenniferRandy
Triple Stumper
    $1600 13
(Randy: What is penicillin?)

antibiotics

JenniferRandy
    $3,000 19
malleable

Jennifer
    $1600 11
XXL

Randy
    $1600 22
(Randy: What is Brunei?)

Oman

Randy
Triple Stumper
    $1600 9
saga (sagas)

Jennifer
    $1600 28
Rutgers science

Katie
    $2000 14
St. Louis

Randy
    $2000 20
elliptical

Katie
    $2000 12
Electric Boogaloo

Randy
    $2000 21
(Alex: Lovely lady.)

Dinah Shore

Triple Stumper
    $2000 10
Parsifal

Jennifer
    $2000 29
Rikers Science

Jennifer

Scores at the end of the Double Jeopardy! Round:

Jennifer Randy Katie
$22,000 $4,600 $6,400
(lock game)

[wagering suggestions for these scores]

Final Jeopardy! Round responses

EUROPE
(Alex: [After acknowledging Randy's correct response] The movie star, of course, was Grace Kelly who married Prince Rainier.)
...
(Alex: [Seeing Katie's incorrect response] Which movie star were you thinking of? Marlene Dietrich?)
[Katie nods head yes]
RandyWhat is Monaco?
$1,900
KatieWhat is Germany?
$2,801
JenniferWhat is Germany?
$6,500
Monaco

Final scores:

Jennifer Randy Katie
$15,500 $6,500 $3,599
3-day champion: $90,300 2nd place: $2,000 3rd place: $1,000

Game dynamics:

Coryat scores:

Jennifer Randy Katie
$20,600 $3,400 $9,400
28 R
(including 1 DD),
4 W
11 R
(including 1 DD),
6 W
14 R,
3 W
(including 1 DD)

Combined Coryat: $33,400

The J! Archive is created by fans, for fans. The Jeopardy! game show and all elements thereof, including but not limited to copyright and trademark thereto, are the property of Jeopardy Productions, Inc. and are protected under law. This website is not affiliated with, sponsored by, or operated by Jeopardy Productions, Inc. Join the discussion at JBoard.tv.